| Tag |
First Indicator |
Second Indicator |
Subfields |
| LEADER |
00000cam a2200000La 4500 |
| 001 |
in00001752621 |
| 005 |
20220105122043.0 |
| 006 |
m u |
| 007 |
cr cn- |
| 008 |
010124s1993 ncuabc sb s001 0beng d |
| 010 |
|
|
|z 93003250
|
| 020 |
|
|
|a 0807866822 (electronic bk.) :
|c $45.00
|
| 020 |
|
|
|z 0807821071 (cloth : alk. paper)
|
| 035 |
|
|
|a (OCoLC)ocm45843986
|
| 040 |
|
|
|a N$T
|c N$T
|d OCL
|d UtOrBLW
|
| 043 |
|
|
|a n-usu--
|a n-us---
|
| 049 |
|
|
|a IKMN
|
| 050 |
1 |
4 |
|a E467.1.P63
|b H84 1993eb
|
| 082 |
0 |
4 |
|a 973.7/13
|a B
|2 20
|
| 100 |
1 |
|
|a Hughes, Nathaniel Cheairs,
|c Jr.,
|d 1930-2012.
|0 http://id.loc.gov/authorities/names/n81027697
|
| 245 |
1 |
4 |
|a The life and wars of Gideon J. Pillow /
|c Nathaniel Cheairs Hughes, Jr., and Roy P. Stonesifer, Jr.
|
| 264 |
|
1 |
|a Chapel Hill :
|b University of North Carolina Press,
|c [1993]
|
| 264 |
|
4 |
|c ©1993
|
| 300 |
|
|
|a xvii, 455 pages :
|b illustrations, maps, portraits ;
|c 25 cm.
|
| 336 |
|
|
|a text
|b txt
|2 rdacontent
|
| 337 |
|
|
|a computer
|b c
|2 rdamedia
|
| 338 |
|
|
|a online resource
|b cr
|2 rdacarrier
|
| 490 |
1 |
|
|a Civil War America
|
| 504 |
|
|
|a Includes bibliographical references (pages [407]-439) and index.
|
| 533 |
|
|
|a Electronic reproduction.
|b Boulder, Colo. :
|c NetLibrary,
|d 2001.
|n Available via World Wide Web.
|n Access may be limited to NetLibrary affiliated libraries.
|
| 500 |
|
|
|a Electronic resource.
|
| 600 |
1 |
0 |
|a Pillow, Gideon Johnson,
|d 1806-1878.
|0 http://id.loc.gov/authorities/names/n89103775
|
| 650 |
|
0 |
|a Generals
|z Confederate States of America
|v Biography.
|0 http://id.loc.gov/authorities/subjects/sh2008105088
|
| 650 |
|
0 |
|a Generals
|z United States
|v Biography.
|0 http://id.loc.gov/authorities/subjects/sh2008105089
|
| 610 |
1 |
0 |
|a Confederate States of America.
|b Army
|v Biography.
|
| 600 |
1 |
4 |
|a Pillow, Gideon J.
|q (Gideon Johnson),
|d 1806-1878.
|
| 610 |
1 |
4 |
|a Confederate States of America.
|b Army
|v Biography.
|
| 655 |
|
7 |
|a Electronic books.
|2 local
|
| 700 |
1 |
|
|a Stonesifer, Roy P.
|0 http://id.loc.gov/authorities/names/n93016582
|
| 710 |
2 |
|
|a NetLibrary, Inc.
|0 http://id.loc.gov/authorities/names/no99080690
|
| 776 |
1 |
|
|c Original
|w (DLC) 93003250
|w (OCoLC)27726461
|
| 830 |
|
0 |
|a Civil War America (Series)
|0 http://id.loc.gov/authorities/names/n93059907
|
| 856 |
4 |
1 |
|u https://proxy.library.tamu.edu/login?url=http://www.netLibrary.com/urlapi.asp?action=summary&v=1&bookid=47836
|z Connect to the full text of this electronic book
|t 0
|
| 994 |
|
|
|a 92
|b IKM
|
| 999 |
|
|
|a MARS
|
| 999 |
f |
f |
|s 8e810043-a72d-3c95-99ec-1459c562283d
|i d7154ca8-22da-369c-ab04-84133758af4d
|t 0
|
| 952 |
f |
f |
|a Texas A&M University
|b College Station
|c Electronic Resources
|d Available Online
|t 0
|e E467.1.P63 H84 1993eb
|h Library of Congress classification
|
| 998 |
f |
f |
|a E467.1.P63 H84 1993eb
|t 0
|l Available Online
|